Interpretation: techniques and exercises

Enregistré dans:
Détails bibliographiques
Auteur principal: Nolan, James (Auteur)
Format: Livre
Langue:anglais
Publié: Bristol Multilingual Matters 2012
Édition:2a. ed
Collection:Professional Interpreting in the Real World
Sujets:
Tags: Ajouter un tag
Pas de tags, Soyez le premier à ajouter un tag!

MARC

LEADER 00000cam a2200000 a 4500
001 UCE2222
003 CL-VaPUC
008 140619e20120000uk |||||||||||||||||eng|d
020 |a 9781847698094 
082 0 4 |a 418.02  |b NOL  |2 21 
100 0 |a Nolan, James  |e author  |9 574705 
245 1 0 |a Interpretation: techniques and exercises 
250 |a 2a. ed 
300 |a 326 p 
942 |c BK 
945 |d 20140619 13:53:00  |a cmena 
260 |a Bristol  |b Multilingual Matters  |c 2012 
650 0 |a Traducción e interpretación  |9 315998 
650 0 |a Análisis del discurso  |9 256696 
583 |a last modification  |c 20140619 13:53:00  |k Rodrigo Vera 
490 0 |a Professional Interpreting in the Real World 
999 |c 355872  |d 355870 
952 |0 0  |1 0  |3 erb  |4 0  |6 418_020000000000000_NOL_2012  |7 0  |8 A  |9 462811  |a BIBEDU  |b BIBEDU  |i 5070937  |l 1  |m 1  |o 418.02 NOL 2012  |p 5070937  |r 2025-04-09  |s 2025-03-26  |w 2019-11-23  |y BK  |z Catalogado en:20140619  |k CIT